banner-ar

لقد ان الاوان : (Record no. 43028)

MARC details
000 -الفاتح
حقل البيانات ثابتة الطول 00709nam a2200205Ia 4500
005 - وقت وتاريخ اخر تعامل مع التسجيلة
رقم الضبط 20240530103846.0
008 - عناصر البيانات ثابتة الطول - معلومات عامة
حقل البيانات ثابتة الطول 140319s9999 xx 000 0 ara d
040 ## - مصدر الفهرسة
وكالة الفهرسة الأصلية GCL /
وكالة النسخ GCL
082 04 - رقم تصنيف ديوى العشرى
رقم التصنيف 190
رقم المادة ت ل
100 1# - المدخل الرئيسى - إسم شخصى
الإسم الشخصى تول ، ك. روس
245 10 - بيان العنوان
العنوان لقد ان الاوان :
بقية العنوان ازمة الشباب فى العالم الجديد /
بيان المسئوليه,etc تأليف ك. روس تول ؛ ترجمة يوسف ميخائيل اسعد ؛ تقديم عبدالحميد حسن
300 ## - الوصف المادى
التعداد 247 ص. ؛
أبعاد الوعاء 22 سم.
490 ## - بيان السلسلة
عنوان السلسلة يوميات الابراج
رقم المجلد/ التعيين التسلسلي 0
650 04 - المدخل الاضافى بالموضوع-مصطلح موضوعى
مصطلح موضوعي الفلسفة
650 04 - المدخل الاضافى بالموضوع-مصطلح موضوعى
مصطلح موضوعي المراهقة
650 04 - المدخل الاضافى بالموضوع-مصطلح موضوعى
مصطلح موضوعي الشباب
650 04 - المدخل الاضافى بالموضوع-مصطلح موضوعى
مصطلح موضوعي الفلسفة الغربية
942 ## - عناصر المدخل الإضافي( كوها)
مصدر التصنيف او مخطط الترفيف Dewey Decimal Classification
Koha [default] item type كتاب
Holdings
حالة التراجع حالة الفقد حالة تلف ليس للاعارة المكان المؤقت الموقع الحالى تاريخ الاكتساب اجمالي اﻻعارات رقم الطلب الباركود تاريخ اخر مشاهدة تاريخ تفعيل السعر نوع وعاء كوها مصدر التصنيف او خطة الترفيف موقع الترفيف
        مكتبة القاهرة الكبرى مكتبة القاهرة الكبرى 03/26/2014   190\ن ل 104076 03/26/2014 03/26/2014 كتاب    
        مكتبة القاهرة الكبرى مكتبة القاهرة الكبرى 05/29/2018   190 ت ل 164831 05/29/2018 05/29/2018 كتاب ddc القاعة الرئيسية

Powered By

EGPV